Comparsas y chirigotas del Selu - Estadísticas

Estadísticas generales
  • Esta prueba ha sido intentada 15 veces
  • La puntuación promedio es 15 de 32
Estadísticas de respuestas
Año Chirigota Año Comparsa % Correcto
2009 Los enteraos
91%
2019 Los Quemasangre
91%
2016 Si me pongo pesao me lo dices
91%
2015 Ahora es cuando se está bien aquí
82%
1992 El que la lleva la entiende 1984 Quince piedras
82%
2020 Estrés por cuatro
82%
2018 Grupo de Guasa
82%
2004 Lo que diga mi mujer
82%
1995 Los lacios 1987 Con gancho
82%
2012 Viva la Pepi
82%
2010 Los que no se enteran
73%
2017 Mi suegra como ya dije
73%
1996 Las marujas 1988 Caña y mimbre
64%
2013 Las verdades del Banquero
64%
1997 Banda de música de Cagarrutas del Monte 1989 Raza maldita
55%
2007 Lestaulante Chino Casa Lafaé
55%
2014 Pepe Trola
45%
1994 Los titis de Cai 1986 Hombres Lobo
36%
2003 Peña flamenca Enrique el Alienígena
36%
2005 Soltero y sin ComproPiso
27%
2008 Tó pa ella
27%
1993 Con el sudor del de enfrente (pero decidnos Los Ricos) 1985 Braceros de Pueblo
18%
2001 El que vale, vale
18%
2000 Los porculines
18%
2006 Los que cosen pá la calle
18%
1991 Época vergüenza 1981 Mendigos
9%
2002 La Orquesta Alegría
9%
1998 Los hermanos Guarrindongui 1991 De un cuento
9%
2011 Número uno en ventas (y gasolineras)
9%
1992 Ballet Zum Zum Malacatum, Birimbankun, Po Di Pa, Hasta... Luego 1982 Rancho grande
0%
1990 Carnaval 2036: Piconeros galácticos 1981 Los Hijos de la Noche
0%
1989 Los sanmolotropos verdes 1980 Mimos
0%
No se encontraron pruebas coincidentes
Distribución de puntuación
Porcentaje de gente con cada puntuación
Porcentaje por número respondido
Historial de tus puntuaciones
No has intentado esta prueba.